Normal view
MARC view
Entry Personal Name
001 - CONTROL NUMBER
- control field: 686925
003 - CONTROL NUMBER IDENTIFIER
- control field: OSt
005 - DATE AND TIME OF LATEST TRANSACTION
- control field: 20221007065401.0
008 - FIXED-LENGTH DATA ELEMENTS
- fixed length control field: 221007|| aca||aabn | a|a d
040 ## - CATALOGING SOURCE
- Original cataloging agency: OSt
- Transcribing agency: OSt
100 ## - HEADING--PERSONAL NAME
- Personal name: ANGELO M.J
670 ## - SOURCE DATA FOUND
- Source citation: Work cat.: (OSt)1137160: ANGELO M.J., Law and ecology of pesticides and past management, 2013
